000 00937nam a2200253Ia 4500
999 _c38006
_d38006
003 GCL
005 20240530103251.0
008 140319s9999 xx 000 0 ara d
040 _aGCL /
_cGCL
082 0 4 _a218.1
_bم ا
100 0 _aمحمد امان صافى
245 1 0 _aالسيد جمال الدين الافغانى بين الحقيقة والافتراء /
_cمحمد امان صافى
300 _a235 ص
490 _aسلسلة الدراسات الادبية فى افغانستان
_v0
650 0 4 _aالاسلام
650 0 4 _aجمال الدين الافغانى
650 0 4 _aالفلسفة العربية
650 0 4 _aالثقافة
650 0 4 _aالتنوير
650 0 4 _aحركات الاحياء والاصلاح والتجدي
650 0 4 _aمصر - الاحوال الثقافية
650 0 4 _aالاسلام - حركات الاحياء والاصلاح والتجديد
942 _2ddc
_cBK